|
|
|
|
| LEADER |
00000nab a2200000 a 4500 |
| 001 |
vtls000789002 |
| 003 |
SK-MaSNL |
| 005 |
20260304124510.0 |
| 008 |
250429c2001 xo 0 slo |
| 015 |
|
|
|a SNBRB2002/03-11179
|
| 035 |
|
|
|a CLN000140657
|
| 035 |
|
|
|a urn:nbn:sk:snk-ab1lkr
|
| 035 |
|
|
|a (urnnbn)urn:nbn:sk:snk:ar-004es5
|
| 035 |
|
|
|a (uuid)4db7596c-8179-463b-8e7f-09f4a62828ee
|
| 040 |
|
|
|a SNKBUCL
|b slo
|c SNKBUCL
|e AACR2
|
| 041 |
0 |
|
|a slo
|
| 044 |
|
|
|a xo
|c SK
|
| 080 |
|
|
|a 82.035:061.3
|2 1981
|
| 100 |
1 |
|
|a Šebestová, Anna,
|d 1951-
|4 aut
|9 222466
|
| 245 |
1 |
0 |
|a Konferencia o prekladaní do málo rozšírených jazykov a z týchto jazykov
|c Anna Šebestová
|
| 611 |
2 |
7 |
|a Preklad z/do málo rozšírených jazykov Európy
|n (1. :
|d 2001 :
|c Smolenice, Slovensko)
|2 snkbucl
|9 1435593
|
| 648 |
|
7 |
|a 2001
|2 snkbucl
|9 296180
|
| 650 |
0 |
7 |
|a málo rozšírené jazyky
|2 snkbucl
|9 1268322
|
| 650 |
0 |
7 |
|a literárny preklad
|2 snkbucl
|9 28595
|
| 650 |
0 |
7 |
|a konferencie
|2 snkbucl
|9 19221
|
| 650 |
0 |
7 |
|a odborný preklad
|2 snkbucl
|9 73828
|
| 773 |
0 |
|
|t Kultúra slova
|g Roč. 35, č. 6 (2001), s. 362-366
|x 0023-5202
|
| 850 |
|
|
|a Slovenská národná knižnica
|
| 852 |
|
|
|a Slovenská národná knižnica
|
| 954 |
|
|
|a odborná, vedecká literatúra pôvodná (slovenská)
|2 lita
|
| 958 |
|
|
|a article27
|
| 958 |
|
|
|a OND
|
| 958 |
|
|
|a LX
|
| 958 |
|
|
|a EUIPO
|
| 999 |
|
|
|c 2891513
|d 2893443
|